000 01412nam a2200205Ia 4500
003 Ost
005 20260507075642.0
008 260507s9999||||xx |||||||||||||| ||und||
040 _cfsecg
041 _aara
082 _a338.9
100 _aعبد الحميد، عبد المطلب
_eمؤلف
245 0 _aالتمويل المحلي والتنمية المحلية /
_c عبد المطلب عبد الحميد
260 _aالقاهرة:
_bالدار الجامعية,
_c2001
300 _a317 صفحة؛
_bإيضاحات ؛
_c24 سم
520 _aالتنمية المحلية والحاجة الى التمويل المحلي، المقومات الاساسية لإدارة التنمية المحلية، التمويل المحلي في ضوء نظم الإدارة المحلية والحكم المحلي، هيكل التمويل المحلي في ضوء قوانين الإدارة المحلية في مصر ، تمويل المشروعات على مستوى المحليات ودور المشاركة الشعبية، دور بعض مؤسسات التمويل في تمويل مشروعات المحليات ، الموازنة المحلية وخطوات إعداداها وتنفيذها ومكوناتها- الإختلالات في هيكل التمويل المحلي وسبل علاجها
653 _aالتمويل
653 _aالتنمية المحلية
942 _cكتاب
999 _c45423
_d45423